[Event "ECO Cup 2014"]
[Site "Tehran IRI"]
[Date "2014.09.04"]
[Round "1.2"]
[White "Emiroglu, Cankut"]
[Black "Mirzoev, Azer"]
[Result "1/2-1/2"]
[WhiteTitle "FM"]
[BlackTitle "GM"]
[WhiteElo "2359"]
[BlackElo "2553"]
[WhiteFideId "6306659"]
[BlackFideId "13400304"]
[EventDate "2014.09.04"]

1. e4 g6 2. d4 Bg7 3. Nc3 d6 4. Nf3 a6 5. Bf4 b5 6. e5 Nd7 7. Bd3 Bb7 8. Ne4 Nh6
9. O-O O-O 10. h3 Nb6 11. c3 Kh8 12. Qc2 f6 13. Bh2 Bd5 14. b3 fxe5 15. dxe5 Nd7
16. c4 bxc4 17. bxc4 Bg8 18. Neg5 Nc5 19. Rad1 Nf7 20. Be4 Nxg5 21. Nxg5 Nxe4
22. Qxe4 Qc8 23. e6 Rb8 24. Rb1 Rxb1 25. Rxb1 h6 26. Nf7+ Kh7 27. h4 Bxf7 28.
exf7 Rxf7 29. h5 Qf5 30. hxg6+ Kxg6 31. Qe1 Bc3 32. Qf1 Bd4 33. Bg3 e5 34. Rb8
Kh7 35. Qe2 Qg6 36. Kh2 Qf5 37. Kg1 Rg7 38. Kh2 h5 39. Ra8 Qg6 40. Qf3 Rf7 41.
Qc6 Rg7 42. Qf3 Qf7 43. Qe4+ Rg6 44. Rxa6 Bxf2 45. Bxf2 Qxf2 46. Rc6 Qf7 47. c5
Kg7 48. cxd6 cxd6 1/2-1/2

[Event "ECO Cup 2014"]
[Site "Tehran IRI"]
[Date "2014.09.04"]
[Round "1.3"]
[White "Lodhi, Mahmood"]
[Black "Khusenkhojaev, Muhammad"]
[Result "0-1"]
[WhiteTitle "IM"]
[BlackTitle "IM"]
[WhiteElo "2330"]
[BlackElo "2402"]
[WhiteFideId "7800010"]
[BlackFideId "14700247"]
[EventDate "2014.09.04"]

1. d4 Nf6 2. Nf3 g6 3. g3 Bg7 4. Bg2 O-O 5. O-O d5 6. c4 c6 7. Nbd2 Bf5 8. Qb3
Qb6 9. Qa3 Na6 10. cxd5 cxd5 11. Nh4 Be6 12. Qxe7 Nb4 13. Nb3 Nc2 14. Rb1 Rac8
15. Bg5 Rfe8 16. Bxf6 Rxe7 17. Bxe7 Nxd4 18. Nxd4 Qxd4 19. e3 Qa4 20. a3 a5 21.
Nf3 Qd7 22. Bh4 h6 23. g4 Bxg4 24. Bg3 Bf5 25. Rbd1 Bxb2 26. Ne5 Qe7 27. Rxd5
Qxa3 28. Rfd1 Be6 29. Rd6 Qxd6 0-1

[Event "ECO Cup 2014"]
[Site "Tehran IRI"]
[Date "2014.09.04"]
[Round "1.4"]
[White "Khusnutdinov, Rustam"]
[Black "Tologontegin, Semetey"]
[Result "1/2-1/2"]
[WhiteTitle "GM"]
[BlackTitle "FM"]
[WhiteElo "2482"]
[BlackElo "2382"]
[WhiteFideId "13701703"]
[BlackFideId "13800574"]
[EventDate "2014.09.04"]

1. e4 c5 2. Nf3 e6 3. d4 cxd4 4. Nxd4 a6 5. Nc3 Qc7 6. Bd3 Nf6 7. Qe2 d6 8. f4
Nbd7 9. g4 h6 10. Bd2 Nc5 11. O-O-O b5 12. a3 Bb7 13. Kb1 g6 14. Bc1 Nfd7 15.
Rhe1 Be7 16. Nf3 O-O-O 17. h4 Kb8 18. g5 hxg5 19. hxg5 Rh3 20. Qg2 Rdh8 21. Bf1
Rh1 22. b4 Na4 23. Nxa4 bxa4 24. Bb2 R8h7 25. c4 a5 26. Qc2 axb4 27. axb4 Qb6
28. Qxa4 Rxf1 29. Rxf1 Bxe4+ 30. Ka2 Bc6 31. Qa3 Qb7 32. Nd4 Bg2 33. Rf2 Nb6 34.
Rc1 Rh3 35. Qa5 Be4 36. b5 Kc8 37. Nb3 Kd7 38. Bd4 Bd8 39. c5 Qd5 40. Rc3 Rxc3
41. Bxc3 Bb1+ 42. Kxb1 Qxb3+ 43. Rb2 Qd1+ 44. Ka2 Qd5+ 45. Ka1 Qxc5 46. Qb4 Qg1+
47. Rb1 Qg3 1/2-1/2

[Event "ECO Cup 2014"]
[Site "Tehran IRI"]
[Date "2014.09.04"]
[Round "1.5"]
[White "Dzhumaev, Marat"]
[Black "Bayramgeldiyev, Yusup"]
[Result "1-0"]
[WhiteTitle "GM"]
[WhiteElo "2528"]
[BlackElo "2216"]
[WhiteFideId "14200236"]
[BlackFideId "14001080"]
[EventDate "2014.09.04"]

1. e4 d5 2. exd5 Qxd5 3. Nc3 Qa5 4. d4 Nf6 5. Bc4 c6 6. Bd2 Bf5 7. Nd5 Qd8 8.
Nxf6+ gxf6 9. Ne2 e6 10. c3 Nd7 11. Ng3 Bg6 12. Qe2 Qe7 13. a4 Nb6 14. Bb3 O-O-O
15. a5 Nd5 16. a6 b6 17. O-O Qc7 18. Qf3 f5 19. c4 Nf6 20. Bg5 Be7 21. Rad1 Rhe8
22. Bxf6 Bxf6 23. d5 Bxb2 24. Ba4 exd5 25. cxd5 b5 26. Bc2 f4 27. Nf5 Qe5 28. d6
Qc5 29. Ne7+ Rxe7 30. dxe7 Re8 31. Bxg6 hxg6 32. Rfe1 Bc3 33. Qd3 1-0

[Event "ECO Cup 2014"]
[Site "Tehran IRI"]
[Date "2014.09.05"]
[Round "2.1"]
[White "Ghaem Maghami, Ehsan"]
[Black "Bayramgeldiyev, Yusup"]
[Result "1-0"]
[WhiteTitle "GM"]
[WhiteElo "2591"]
[BlackElo "2216"]
[WhiteFideId "12500739"]
[BlackFideId "14001080"]
[EventDate "2014.09.04"]

1. c4 Nf6 2. Nc3 g6 3. e4 d6 4. d4 Bg7 5. Nf3 O-O 6. Be2 e5 7. O-O Nc6 8. Be3
exd4 9. Nxd4 Bd7 10. Qd2 Re8 11. f3 Nh5 12. f4 Nf6 13. Bf3 Nxd4 14. Bxd4 Bc6 15.
Rfe1 Nd7 16. Bxg7 Kxg7 17. Rad1 f6 18. b4 b6 19. Nb5 a5 20. a3 axb4 21. axb4 Ra4
22. Nxd6 cxd6 23. Qxd6 Qc8 24. b5 Bxb5 25. cxb5 Qc5+ 26. Qxc5 Nxc5 27. e5 fxe5
28. fxe5 Rb4 29. Bc6 Re7 30. Rd6 h5 31. h3 Rb3 32. Kh2 Rd3 33. Rc1 Rb3 34. Rf1
Rxe5 35. Rff6 Rg5 36. Bf3 h4 37. Bc6 Rb2 38. Rf4 Re5 39. Rxh4 Rg5 40. Rf4 Re5
41. Rff6 Rg5 42. Bf3 Rb4 43. Bc6 Nd3 44. Rf1 Nc5 45. Rf2 Re5 46. Rff6 Rg5 47.
Be8 Re5 48. Bxg6 Re7 49. Bh5 Nd7 50. Rg6+ Kf8 51. Rg5 Rh7 52. Bg4 Nc5 53. Rxb6
Ne4 54. Rb8+ Kf7 55. Rb7+ Kf6 56. Rf5+ Kg6 57. Rxh7 Kxh7 58. Rf4 1-0

[Event "ECO Cup 2014"]
[Site "Tehran IRI"]
[Date "2014.09.05"]
[Round "2.2"]
[White "Tologontegin, Semetey"]
[Black "Dzhumaev, Marat"]
[Result "1/2-1/2"]
[WhiteTitle "FM"]
[BlackTitle "GM"]
[WhiteElo "2382"]
[BlackElo "2528"]
[WhiteFideId "13800574"]
[BlackFideId "14200236"]
[EventDate "2014.09.04"]

1. d4 Nf6 2. Nc3 d5 3. Bf4 e6 4. Nb5 Na6 5. e3 Be7 6. Nf3 O-O 7. Be2 c5 8. O-O
Nh5 9. Be5 f6 10. Bg3 Nxg3 11. hxg3 Bd7 12. a4 c4 13. b3 cxb3 14. c3 b2 15. Ra2
Nb8 16. c4 a6 17. Nc3 dxc4 18. Bxc4 Qc8 19. Nd2 Nc6 20. d5 Na5 21. dxe6 Bxe6 22.
Bxe6+ Qxe6 23. Rxb2 Rfd8 24. Qb1 f5 25. Ne2 Bf6 26. Rb6 Qd5 27. Nf3 Rd7 28. Nf4
Qe4 29. Qa2+ Qc4 30. Qb1 Qe4 31. Qa2+ Qc4 32. Qb1 Qe4 33. Qa2+ Qc4 34. Qb1 1/2-1/2

[Event "ECO Cup 2014"]
[Site "Tehran IRI"]
[Date "2014.09.05"]
[Round "2.3"]
[White "Khusenkhojaev, Muhammad"]
[Black "Khusnutdinov, Rustam"]
[Result "0-1"]
[WhiteTitle "IM"]
[BlackTitle "GM"]
[WhiteElo "2402"]
[BlackElo "2482"]
[WhiteFideId "14700247"]
[BlackFideId "13701703"]
[EventDate "2014.09.04"]

1. Nf3 Nf6 2. c4 g6 3. g3 Bg7 4. Bg2 c5 5. d4 cxd4 6. Nxd4 O-O 7. Nc3 Nc6 8. O-O
Qa5 9. Nb3 Qh5 10. Nd5 d6 11. Nf4 Qf5 12. e4 Qd7 13. h3 b6 14. Be3 Ba6 15. Rc1
Rac8 16. Nd3 Rfd8 17. Nd2 b5 18. b3 Qe8 19. Re1 Nd7 20. Bf1 bxc4 21. bxc4 Nc5
22. Nxc5 dxc5 23. Qa4 Bb7 24. Nb3 Ne5 25. Qxe8+ Rxe8 26. Nxc5 Nf3+ 27. Kh1 Nxe1
28. Nxb7 Nf3 29. Bg2 Nd4 30. f4 Rc7 31. e5 Ne2 32. Rc2 Nxg3+ 33. Kg1 Rb8 34. c5
Rbxb7 35. Bxb7 Rxb7 36. c6 Rc7 37. Bxa7 Rxa7 38. c7 Ne2+ 39. Kf1 Rxc7 40. Rxc7
Nxf4 41. Rc8+ Bf8 42. a4 Nd3 43. a5 Nb4 44. Ke2 e6 45. Ke3 g5 46. Kd4 h5 47. Kc4
g4 48. hxg4 hxg4 49. Kb5 f5 50. exf6 Kf7 51. Rc4 g3 52. Rd4 e5 53. Rg4 Kxf6 54.
Rxg3 e4 55. Rg4 Ke5 56. Rg8 Be7 57. Re8 Ke6 58. Rxe7+ Kxe7 59. Kxb4 0-1

[Event "ECO Cup 2014"]
[Site "Tehran IRI"]
[Date "2014.09.05"]
[Round "2.4"]
[White "Mirzoev, Azer"]
[Black "Lodhi, Mahmood"]
[Result "1-0"]
[WhiteTitle "GM"]
[BlackTitle "IM"]
[WhiteElo "2553"]
[BlackElo "2330"]
[WhiteFideId "13400304"]
[BlackFideId "7800010"]
[EventDate "2014.09.04"]

1. d4 Nf6 2. c4 c5 3. d5 g6 4. Nc3 Bg7 5. e4 d6 6. Bd3 O-O 7. Nge2 e5 8. Bg5 h6
9. Bd2 Nh5 10. Qc1 Kh7 11. O-O Na6 12. a3 Nc7 13. Ng3 Nf6 14. b4 Nd7 15. Qc2 Qe7
16. Rfb1 b6 17. Ra2 Na6 18. Qd1 h5 19. Nf1 Bh6 20. Ne3 Nf6 21. h3 Bd7 22. Rab2
Kg7 23. Bc2 Rfc8 24. Qe2 h4 25. Bd1 Nh5 26. Qf1 Nf4 27. Bg4 Rh8 28. Bxd7 Qxd7
29. Ng4 Bg5 30. Ne2 f5 31. exf5 gxf5 32. Bxf4 Bxf4 33. Nxf4 exf4 34. Nh2 Rae8
35. Nf3 Kg6 36. b5 Nb8 37. Re2 Re4 38. Rbe1 Qe7 39. Nd2 Re5 40. Nf3 Nd7 41.
Nxe5+ dxe5 42. f3 a5 43. bxa6 Ra8 44. a4 Rxa6 45. Ra2 Qd6 46. Qe2 Ra5 47. Rb1
Nf6 48. Qb2 Nd7 49. Qf2 Kg5 50. Qe1 Nf6 51. Rab2 Ra6 52. a5 bxa5 53. Rb8 e4 54.
Rh8 Nh5 55. fxe4 Qe5 56. Rg8+ 1-0

[Event "ECO Cup 2014"]
[Site "Tehran IRI"]
[Date "2014.09.05"]
[Round "3.1"]
[White "Emiroglu, Cankut"]
[Black "Ghaem Maghami, Ehsan"]
[Result "1/2-1/2"]
[WhiteTitle "FM"]
[BlackTitle "GM"]
[WhiteElo "2359"]
[BlackElo "2591"]
[WhiteFideId "6306659"]
[BlackFideId "12500739"]
[EventDate "2014.09.04"]

1. e4 c5 2. Nc3 a6 3. Nf3 e6 4. d4 cxd4 5. Nxd4 b5 6. Bd3 Bb7 7. O-O Qc7 8. Qe2
Bc5 9. Nb3 Be7 10. f4 Nf6 11. e5 Nd5 12. Ne4 Nc6 13. a3 O-O 14. Qh5 g6 15. Qh6
f5 16. Ng5 Bxg5 17. Qxg5 Na5 18. Nxa5 Qxa5 19. Qg3 Rac8 20. Qf2 Qb6 21. Qxb6
Nxb6 22. Bd2 Be4 23. Bb4 Bxd3 24. cxd3 Rfe8 25. Rfc1 Nd5 26. g3 Kf7 27. Kf2 h6
28. h4 Rg8 29. Bd2 Ke7 30. Bb4+ Kf7 31. Bd2 Ke7 32. Bb4+ Nxb4 33. axb4 Rxc1 34.
Rxc1 g5 35. hxg5 hxg5 36. Kf3 gxf4 37. gxf4 Rh8 38. Kg3 Ra8 39. d4 Rg8+ 40. Kf3
Rh8 41. Kg2 Rg8+ 42. Kf3 Rh8 43. Kg2 Rg8+ 44. Kf3 1/2-1/2

[Event "ECO Cup 2014"]
[Site "Tehran IRI"]
[Date "2014.09.05"]
[Round "3.5"]
[White "Bayramgeldiyev, Yusup"]
[Black "Tologontegin, Semetey"]
[Result "1-0"]
[BlackTitle "FM"]
[WhiteElo "2216"]
[BlackElo "2382"]
[WhiteFideId "14001080"]
[BlackFideId "13800574"]
[EventDate "2014.09.04"]

1. d4 Nf6 2. c4 e6 3. Nf3 d5 4. g3 Bb4+ 5. Bd2 Be7 6. Bg2 c6 7. O-O O-O 8. Qb3
Nbd7 9. Nc3 b6 10. Rac1 Ba6 11. cxd5 cxd5 12. Bf4 Ne8 13. Rfe1 Bb7 14. Ne5 Nd6
15. Nb5 Nxe5 16. Bxe5 Nc4 17. e4 Qd7 18. exd5 exd5 19. a4 a6 20. Nc3 Rac8 21. h4
Bc6 22. Kh2 Qb7 23. Qc2 Bb4 24. Qf5 Bxc3 25. Rxc3 Rfe8 26. b3 Nd6 27. Qg4 f6 28.
Bxd6 Rxe1 29. Bxd5+ Bxd5 30. Rxc8+ Kf7 31. Rf8# 1-0

[Event "ECO Cup 2014"]
[Site "Tehran IRI"]
[Date "2014.09.06"]
[Round "4.1"]
[White "Ghaem Maghami, Ehsan"]
[Black "Tologontegin, Semetey"]
[Result "1-0"]
[WhiteTitle "GM"]
[BlackTitle "FM"]
[WhiteElo "2591"]
[BlackElo "2382"]
[WhiteFideId "12500739"]
[BlackFideId "13800574"]
[EventDate "2014.09.04"]

1. Nf3 d6 2. d4 g6 3. e4 Bg7 4. Be2 Nf6 5. Nc3 c6 6. O-O O-O 7. Bf4 a5 8. h3 Na6
9. Re1 Nc7 10. Qd2 b5 11. e5 Nfd5 12. Bh6 Nxc3 13. bxc3 Be6 14. a4 Qd7 15. Bxg7
Kxg7 16. Ng5 dxe5 17. axb5 cxb5 18. Nxe6+ Nxe6 19. Bf3 Ra6 20. Rxe5 Nc7 21. c4
a4 22. Qe3 bxc4 23. Rxe7 Qd6 24. Re5 Rd8 25. Rc5 Ne6 26. Rd5 Qxd5 27. Bxd5 Rxd5
28. Qe4 Rxd4 29. Qe5+ Kg8 30. Qb5 Rad6 31. Rxa4 Rd1+ 32. Kh2 c3 33. Qe8+ Kg7 34.
Ra7 Nd8 35. Qe5+ Kh6 36. Ra4 f6 37. Qe3+ g5 38. Qe7 Nc6 39. Qf8+ Kg6 40. Qg8+
Kh6 41. Qf8+ Kg6 42. Qg8+ Kh6 43. Ra6 Rd8 44. Qc4 Ne5 45. Qc7 Ng6 46. Ra7 1-0

[Event "ECO Cup 2014"]
[Site "Tehran IRI"]
[Date "2014.09.06"]
[Round "4.2"]
[White "Khusenkhojaev, Muhammad"]
[Black "Bayramgeldiyev, Yusup"]
[Result "1-0"]
[WhiteTitle "IM"]
[WhiteElo "2402"]
[BlackElo "2216"]
[WhiteFideId "14700247"]
[BlackFideId "14001080"]
[EventDate "2014.09.04"]

1. Nf3 Nf6 2. c4 g6 3. d4 c5 4. Nc3 cxd4 5. Nxd4 Bg7 6. g3 Nc6 7. Bg2 O-O 8. O-O
a6 9. c5 Ng4 10. e3 Nxd4 11. exd4 d6 12. Nd5 dxc5 13. dxc5 Be6 14. Bg5 f6 15.
Bf4 Ne5 16. Qb3 Kh8 17. Rfd1 Rb8 18. Qc3 Bxd5 19. Rxd5 Qc7 20. Rad1 Rbc8 21. b4
Qb8 22. a4 b6 23. c6 b5 24. axb5 axb5 25. Bxe5 fxe5 26. Qc5 Qa8 27. Rd7 Qa2 28.
c7 e4 29. Bxe4 Bf6 30. Bb7 1-0

[Event "ECO Cup 2014"]
[Site "Tehran IRI"]
[Date "2014.09.06"]
[Round "4.3"]
[White "Mirzoev, Azer"]
[Black "Dzhumaev, Marat"]
[Result "1/2-1/2"]
[WhiteTitle "GM"]
[BlackTitle "GM"]
[WhiteElo "2553"]
[BlackElo "2528"]
[WhiteFideId "13400304"]
[BlackFideId "14200236"]
[EventDate "2014.09.04"]

1. d4 Nf6 2. c4 g6 3. Nc3 Bg7 4. e4 d6 5. Nf3 O-O 6. Be2 e5 7. dxe5 dxe5 8. Qxd8
Rxd8 9. Bg5 Re8 10. Nd5 Nxd5 11. cxd5 c6 12. Bc4 cxd5 13. Bxd5 Na6 14. O-O Nc7
15. Bb3 Be6 16. Rfc1 Rec8 17. Bxe6 Nxe6 18. Rxc8+ Rxc8 19. Rc1 Rxc1+ 20. Bxc1 f6
21. Be3 a6 22. Kf1 Bf8 1/2-1/2

[Event "ECO Cup 2014"]
[Site "Tehran IRI"]
[Date "2014.09.06"]
[Round "4.5"]
[White "Emiroglu, Cankut"]
[Black "Lodhi, Mahmood"]
[Result "1/2-1/2"]
[WhiteTitle "FM"]
[BlackTitle "IM"]
[WhiteElo "2359"]
[BlackElo "2330"]
[WhiteFideId "6306659"]
[BlackFideId "7800010"]
[EventDate "2014.09.04"]

1. e4 e5 2. Nf3 Nc6 3. Bc4 Bc5 4. d3 d6 5. Nc3 Nf6 6. Bg5 h6 7. Bxf6 Qxf6 8. Nd5
Qd8 9. c3 a6 10. d4 exd4 11. cxd4 Ba7 12. h3 O-O 13. O-O Be6 14. Rc1 Bd7 15. Bb3
Rc8 16. Bc2 Ne7 17. Nf4 Ng6 18. Nxg6 fxg6 19. Re1 Kh7 20. Bb1 Bb6 21. Qb3 Qf6
22. e5 dxe5 23. dxe5 Qe6 24. Be4 Qxb3 25. axb3 c6 26. Rcd1 Be6 27. Rd6 Rce8 28.
Nd4 Bxd4 29. Rxd4 Re7 30. b4 Bf5 31. Bxf5 Rxf5 32. e6 Rf6 33. Rd7 Rexe6 34. Rxe6
Rxe6 35. Rxb7 Re1+ 36. Kh2 Re2 37. f3 Rxb2 38. Rb6 g5 39. Rxc6 Rxb4 40. Rxa6 Rb2
41. Kg3 1/2-1/2

[Event "ECO Cup 2014"]
[Site "Tehran IRI"]
[Date "2014.09.07"]
[Round "5.1"]
[White "Lodhi, Mahmood"]
[Black "Ghaem Maghami, Ehsan"]
[Result "0-1"]
[WhiteTitle "IM"]
[BlackTitle "GM"]
[WhiteElo "2330"]
[BlackElo "2591"]
[WhiteFideId "7800010"]
[BlackFideId "12500739"]
[EventDate "2014.09.04"]

1. d4 Nf6 2. Nf3 e6 3. g3 c5 4. Bg2 b5 5. O-O Bb7 6. a4 b4 7. c4 cxd4 8. Nxd4
Bxg2 9. Kxg2 d5 10. b3 dxc4 11. bxc4 Nbd7 12. Bb2 Qc7 13. Nd2 Nc5 14. N2f3 Be7
15. Nb5 Qc6 16. Kg1 Rd8 17. Qc2 a6 18. Ne5 Qb7 19. Nd4 Rc8 20. Rfd1 O-O 21. a5
Nfe4 22. Rdb1 Rfd8 23. Nef3 Bf6 24. Nb3 Nxb3 25. Qxb3 Qa7 26. e3 Nc3 27. Bxc3
Bxc3 28. Ra2 Qc5 29. Rc1 Qxc4 30. Qxc4 Rxc4 31. Nd2 Rcc8 32. Nb3 f5 33. Rac2 e5
34. Kf1 Kf7 35. Ke2 Rd5 36. f3 Rc4 37. Rd1 Rxd1 38. Kxd1 Ke6 39. Ke2 Kd5 40. Rc1
Rc6 41. Kd3 e4+ 42. fxe4+ fxe4+ 43. Ke2 Rh6 44. h4 Rg6 45. Kf2 Kc4 46. Nd4 Rf6+
47. Ke2 b3 0-1

[Event "ECO Cup 2014"]
[Site "Tehran IRI"]
[Date "2014.09.07"]
[Round "5.2"]
[White "Khusnutdinov, Rustam"]
[Black "Emiroglu, Cankut"]
[Result "1-0"]
[WhiteTitle "GM"]
[BlackTitle "FM"]
[WhiteElo "2482"]
[BlackElo "2359"]
[WhiteFideId "13701703"]
[BlackFideId "6306659"]
[EventDate "2014.09.04"]

1. e4 c6 2. d4 d5 3. Nd2 dxe4 4. Nxe4 Nd7 5. Ng5 Ngf6 6. Bd3 e6 7. N1f3 Bd6 8.
Qe2 h6 9. Ne4 Nxe4 10. Qxe4 Nf6 11. Qe2 Qc7 12. Bd2 b6 13. O-O-O Bb7 14. Ne5
O-O-O 15. f4 Kb8 16. Kb1 Rhe8 17. Rhf1 Ka8 18. g4 g6 19. g5 Ng8 20. h4 Bxe5 21.
fxe5 hxg5 22. h5 gxh5 23. Qxh5 Rf8 24. c3 f6 25. exf6 Nxf6 26. Qh6 Nd7 27. Qxe6
Qg3 28. Bc2 Rxf1 29. Rxf1 Qg2 30. Qe1 c5 31. Rg1 Qc6 32. Bxg5 Rh8 33. Be3 a6 34.
Qd2 cxd4 35. Bxd4 Re8 36. Re1 Rxe1+ 37. Qxe1 Ka7 38. b3 Nc5 39. Kb2 Qg2 40. Qf2
Qc6 41. b4 Ne6 42. Be3 Nc7 43. a4 Na8 44. a5 Qd6 45. Qf7 Qd5 46. Qe7 Qf3 47. Bd4
Qd5 48. Ka3 Qc6 49. Kb2 Qd5 50. Be4 Qxe4 51. Bxb6+ Kb8 52. Qd6+ 1-0

[Event "ECO Cup 2014"]
[Site "Tehran IRI"]
[Date "2014.09.07"]
[Round "5.4"]
[White "Bayramgeldiyev, Yusup"]
[Black "Mirzoev, Azer"]
[Result "0-1"]
[BlackTitle "GM"]
[WhiteElo "2216"]
[BlackElo "2553"]
[WhiteFideId "14001080"]
[BlackFideId "13400304"]
[EventDate "2014.09.04"]

1. d4 Nf6 2. Nf3 e6 3. g3 b5 4. Bg2 Bb7 5. O-O c5 6. a4 b4 7. c3 Na6 8. Nbd2 Be7
9. c4 cxd4 10. Nxd4 Bxg2 11. Kxg2 Qb6 12. N2f3 O-O 13. Bg5 h6 14. Bf4 Rac8 15.
b3 d5 16. Ne5 Rfd8 17. cxd5 Nxd5 18. e3 f6 19. Qg4 Nxf4+ 20. gxf4 Rxd4 21. exd4
fxe5 22. fxe5 Rc3 23. Rad1 Qc6+ 24. Kg1 Nc7 25. Rb1 Qf3 26. Qxf3 Rxf3 27. Rfc1
Rc3 28. Kf1 Bg5 29. Rd1 a5 30. Rb2 Nd5 31. Re1 Kf7 32. Re4 h5 33. h4 Bc1 34. Rb1
Kg6 35. Kg2 Kf5 36. f3 Rc2+ 0-1

[Event "ECO Cup 2014"]
[Site "Tehran IRI"]
[Date "2014.09.07"]
[Round "5.5"]
[White "Tologontegin, Semetey"]
[Black "Khusenkhojaev, Muhammad"]
[Result "1/2-1/2"]
[WhiteTitle "FM"]
[BlackTitle "IM"]
[WhiteElo "2382"]
[BlackElo "2402"]
[WhiteFideId "13800574"]
[BlackFideId "14700247"]
[EventDate "2014.09.04"]

1. d4 Nf6 2. Nf3 g6 3. Nbd2 d5 4. b4 Bg7 5. e3 O-O 6. Bb2 Bf5 7. Be2 Nbd7 8. O-O
Ne4 9. c4 c6 10. Qb3 a5 11. cxd5 a4 12. Qa3 Nxd2 13. Nxd2 cxd5 14. Rac1 e5 15.
dxe5 Nxe5 16. Rfd1 Qe7 17. Bd4 Rfc8 18. Qb2 Bd3 19. Kf1 Qe6 20. h3 a3 21. Qb3
Bxe2+ 22. Kxe2 Nc4 23. Bxg7 Kxg7 24. Nxc4 dxc4 25. Qc3+ Kg8 26. Rd2 b5 27. Rcd1
Qe8 28. Rd5 Rd8 29. Rxd8 Rxd8 30. Rxd8 Qxd8 31. Qxa3 Qd5 32. f3 Qg5 33. Qa8+ Kg7
34. f4 Qf6 35. Qd5 Qb2+ 36. Kf3 Qxb4 37. Qe5+ Kg8 38. Qb8+ Kg7 39. Qe5+ Kg8 40.
Qb8+ Kg7 41. Ke4 1/2-1/2

[Event "ECO Cup 2014"]
[Site "Tehran IRI"]
[Date "2014.09.08"]
[Round "6.1"]
[White "Ghaem Maghami, Ehsan"]
[Black "Khusenkhojaev, Muhammad"]
[Result "1/2-1/2"]
[WhiteTitle "GM"]
[BlackTitle "IM"]
[WhiteElo "2591"]
[BlackElo "2402"]
[WhiteFideId "12500739"]
[BlackFideId "14700247"]
[EventDate "2014.09.04"]

1. c4 Nf6 2. Nf3 g6 3. Nc3 Bg7 4. e4 c5 5. d4 cxd4 6. Nxd4 Nc6 7. Be3 Ng4 8.
Qxg4 Nxd4 9. Qd1 Ne6 10. Qd2 d6 11. Be2 Bd7 12. O-O Qa5 13. Rac1 Nc5 14. Bf3 Na4
15. Bd4 Bxd4 16. Qxd4 Qe5 17. Qd2 Nxc3 18. Rxc3 O-O 19. c5 Bb5 20. Rfc1 Rfd8 21.
Qc2 Bc6 22. g3 dxc5 23. Rxc5 1/2-1/2

[Event "ECO Cup 2014"]
[Site "Tehran IRI"]
[Date "2014.09.08"]
[Round "6.2"]
[White "Mirzoev, Azer"]
[Black "Tologontegin, Semetey"]
[Result "1-0"]
[WhiteTitle "GM"]
[BlackTitle "FM"]
[WhiteElo "2553"]
[BlackElo "2382"]
[WhiteFideId "13400304"]
[BlackFideId "13800574"]
[EventDate "2014.09.04"]

1. d4 g6 2. e4 Bg7 3. Nc3 c6 4. f4 d5 5. e5 Nh6 6. Be2 f6 7. Be3 O-O 8. Qd2 Ng4
9. Bxg4 Bxg4 10. h3 Be6 11. O-O-O b5 12. g4 Nd7 13. Nf3 Nb6 14. b3 a5 15. Ne2
Qd7 16. Kb1 a4 17. Nc1 axb3 18. cxb3 Ra3 19. Rh2 Qa7 20. Qe1 Nd7 21. Rc2 Ra8 22.
Bd2 fxe5 23. fxe5 c5 24. dxc5 Nxc5 25. Be3 d4 26. Nxd4 Qa6 27. Nxe6 Nxe6 28. Qc3
Ra5 29. Rd5 Qb7 30. Qc6 Qxc6 31. Rxc6 Nd8 32. Rb6 Nf7 33. Rdxb5 Nxe5 34. Rxa5
Rxa5 35. a4 Kf7 36. Kc2 Rd5 37. Rb4 Ke6 38. Re4 Rd6 39. b4 Rc6+ 40. Kb3 Kd7 41.
b5 Rc8 42. Ne2 Nf7 43. Rc4 Rb8 44. b6 Be5 45. a5 Ra8 46. Ka4 Nd8 47. Bd2 Nb7 48.
Nc1 Ke6 49. Bb4 Kd5 50. Rc2 Bd6 51. Nb3 e5 52. Bxd6 Nxd6 53. Rc5+ Ke6 54. Rc7
Rf8 55. a6 e4 56. b7 e3 57. Nd4+ Kd5 58. Ne2 Ke4 59. a7 Nxb7 60. Rxb7 Ra8 61.
Rxh7 Kf3 62. Nc3 g5 63. Kb5 e2 64. Nxe2 Kxe2 65. Kb6 1-0

[Event "ECO Cup 2014"]
[Site "Tehran IRI"]
[Date "2014.09.08"]
[Round "6.4"]
[White "Emiroglu, Cankut"]
[Black "Dzhumaev, Marat"]
[Result "1/2-1/2"]
[WhiteTitle "FM"]
[BlackTitle "GM"]
[WhiteElo "2359"]
[BlackElo "2528"]
[WhiteFideId "6306659"]
[BlackFideId "14200236"]
[EventDate "2014.09.04"]

1. e4 g6 2. d4 Bg7 3. Nc3 d6 4. Nf3 Nf6 5. Be2 O-O 6. O-O c6 7. h3 Nbd7 8. e5
Ne8 9. Bf4 d5 10. a4 Nc7 11. Re1 Ne6 12. Bh2 Bh6 13. a5 b6 14. b4 Bb7 15. Qb1
Qc7 16. Qa2 Rfd8 17. Red1 Ndf8 18. Rab1 Rab8 19. Bg3 Nf4 20. Bf1 N8e6 21. Ne2
Nxe2+ 22. Bxe2 c5 23. axb6 axb6 24. bxc5 bxc5 25. Qa7 cxd4 26. Nxd4 Nxd4 27.
Qxd4 e6 28. Bd3 Bc6 29. Rxb8 Rxb8 30. Ra1 Bf8 31. Qa7 Rb7 32. Qa5 Qxa5 33. Rxa5
Be7 34. Bf4 Kg7 35. Be3 h6 36. Ra7 Rb1+ 37. Kh2 Bg5 38. Bxg5 hxg5 39. Rc7 Ba4
40. Ra7 Be8 41. Ra8 Bc6 42. Rc8 Rb6 43. c4 dxc4 44. Bxc4 Ba4 45. Ra8 Rb4 46. Rc8
Rb2 47. Kg3 Rc2 48. Ba6 Rd2 49. Rc3 Bc2 50. Bb7 Bb1 51. Bf3 Rd4 52. Re3 Bc2 1/2-1/2

[Event "ECO Cup 2014"]
[Site "Tehran IRI"]
[Date "2014.09.08"]
[Round "6.5"]
[White "Lodhi, Mahmood"]
[Black "Khusnutdinov, Rustam"]
[Result "1/2-1/2"]
[WhiteTitle "IM"]
[BlackTitle "GM"]
[WhiteElo "2330"]
[BlackElo "2482"]
[WhiteFideId "7800010"]
[BlackFideId "13701703"]
[EventDate "2014.09.04"]

1. d4 Nf6 2. Nf3 g6 3. g3 Bg7 4. Bg2 c5 5. O-O cxd4 6. Nxd4 O-O 7. c4 Nc6 8. Nc3
Qa5 9. Nc2 d6 10. Nd5 Nxd5 11. cxd5 Ne5 12. Bd2 Qa6 13. Bc3 Bd7 14. f4 Nc4 15.
Bxg7 Kxg7 16. Qd4+ Kg8 17. Rfc1 Rfc8 18. Nb4 Qb5 19. Nd3 Nb6 20. b3 Qa5 21. a4
Rxc1+ 22. Rxc1 Qd2 23. Kf2 Rc8 24. Qe3 Qa2 25. Rxc8+ Nxc8 26. Ne1 Qb2 27. Nf3
Qc2 28. Nd4 Qc5 29. Qd2 a5 30. e3 Nb6 31. Qc2 Be8 32. Bf3 Nd7 33. Qxc5 Nxc5 34.
e4 Kg7 35. Ke3 Kf6 36. h4 e5 37. dxe6 fxe6 38. Bd1 e5 39. Nf3 Bf7 40. Nd2 h6 41.
Nc4 Bxc4 42. bxc4 Nd7 43. Kd3 Ke7 44. Ke3 b6 45. Bg4 Nc5 46. Bd1 Kf6 47. Bc2 Kf7
48. Bd1 Ke7 49. Bc2 Nd7 50. Bd1 Nf6 51. Bf3 g5 52. fxg5 hxg5 53. hxg5 Nd7 54.
Bd1 Kf7 55. Bh5+ Kg7 56. Be8 Nc5 57. Kf3 Ne6 58. Kg4 Nd4 59. Bb5 Kg6 60. Bd7 Kg7
61. Kh5 Nb3 62. Bc6 Nc5 63. g6 Ne6 64. Be8 Nc5 65. Bc6 Ne6 66. Be8 Nc5 67. Bc6 1/2-1/2